zpět

Detail výsledku týmu

IP Submarine, Praha

Datum a čas kvízu

31 Celkem bodů Celkový počet nahraných bodů na tomto kvízu bez doplňovacích otázek.
4. Pořadí na kvízu Konečné umístění týmu na tomto kvízu.

Zaznamenané odpovědi

# Otázka Odpověď Body Výsledky
1. Naše poslanecká sněmovna minul... 0
2. Jak se jmenuje země, která v p... 0
3. Ze které země pochází dívka, k... 1
4. Estonská společnost, nabízejíc... 1
5. Hokejový reprezentační útočník... 1
6. Ve kterém severoevropském přís... 0
7. Jaltská konference byla jedním... 1
8. Casablanca je největším městem... 1
9. Jak se jmenuje černohorské pří... 0
10. Jak se jmenuje přístavní město... 1